| 000 | 00602nam a22001697a 4500 | ||
|---|---|---|---|
| 005 | 20251108164017.0 | ||
| 008 | 250721s1997 xx 000 0 ara d | ||
| 082 | 1 | 4 | _a320.4/حسي |
| 100 | 1 | _aالحسين بن طلال ، ملك الأردن ، 1952-1999، | |
| 245 | 1 | 0 | _aخطب العرش السامية في إفتتاح دورات مجالس الأمة 1953-1996 / |
| 264 | 1 |
_aعمان : _bوزارة الإعلام ، دائرة المطبوعات، _c1997. |
|
| 300 | _aج. | ||
| 650 | 1 | 7 | _aالخطب السياسة |
| 650 | 1 | 7 | _aتاريخ الأردن |
| 942 |
_2ddc _cBK |
||
| 999 |
_c1336 _d1336 |
||